Statistics for Island Countries

Click here to take the quiz!

General Stats

  • This quiz has been taken 33 times
    (10 since last reset)
  • The average score is 37 of 47

Answer Stats

HintAnswer% Correct
CaribbeanBahamas
90%
AfricaComoros
90%
AsiaCyprus
90%
CaribbeanHaiti
90%
AsiaIndonesia
90%
EuropeIreland
90%
AsiaJapan
90%
EuropeMalta
90%
OceaniaNew Zealand
90%
OceaniaPapua New Guinea
90%
OceaniaSolomon Islands
90%
AsiaSri Lanka
90%
AsiaTaiwan
90%
EuropeUnited Kingdom
90%
AsiaBrunei
80%
AfricaCape Verde
80%
CaribbeanCuba
80%
CaribbeanDominica
80%
CaribbeanDominican Republic
80%
OceaniaFiji
80%
CaribbeanJamaica
80%
OceaniaKiribati
80%
AfricaMadagascar
80%
OceaniaMarshall Islands
80%
AfricaMauritius
80%
OceaniaNauru
80%
CaribbeanSaint Lucia
80%
AfricaSeychelles
80%
OceaniaTonga
80%
CaribbeanTrinidad and Tobago
80%
OceaniaVanuatu
80%
CaribbeanAntigua and Barbuda
70%
CaribbeanBarbados
70%
AsiaEast Timor
70%
EuropeIceland
70%
AsiaMaldives
70%
OceaniaMicronesia
70%
OceaniaPalau
70%
AsiaPhilippines
70%
CaribbeanSaint Vincent and the Grenadines
70%
OceaniaSamoa
70%
AfricaSão Tomé and Príncipe
70%
CaribbeanGrenada
60%
CaribbeanSaint Kitts and Nevis
60%
AsiaSingapore
60%
OceaniaTuvalu
60%
AsiaBahrain
30%

Score Distribution

Percentile by Number Answered

Percent of People with Each Score

Your Score History

You have not taken this quiz since the last reset